Can you name the Stardust Crusaders? Quiz Stats

 Plays Quiz not verified by Sporcle

Challenge
Share
Tweet
Score 0/6 Timer 02:00
0 Plays Today
% Correct
Iggy
94.9%
Avdol
94.1%
Jotaro
93.4%
Polnareff
93.4%
Kakyoin
91.9%
Joseph
89.7%

You're not logged in!

Compare scores with friends on all Sporcle quizzes.
Join for Free
OR
Log In

You Might Also Like...

Show Comments

Extras

Top Quizzes Today


Score Distribution

Your Account Isn't Verified!

In order to create a playlist on Sporcle, you need to verify the email address you used during registration. Go to your Sporcle Settings to finish the process.

Report this User

Report this user for behavior that violates our Community Guidelines.

Details: